Úmysel bol dobrý, treba ho však dotiahnuť
Klient si finančný produkt nevyberá podľa výšky zverejnenej provízie sprostredkovateľa. Ako znížiť províziu.
Na minha lista:
| Autor principal: | |
|---|---|
| Formato: | Capítulo de Livro |
| Idioma: | eslovaco |
| Assuntos: | |
| Tags: |
Sem tags, seja o primeiro a adicionar uma tag!
|
MARC
| LEADER | 00000naa a2200000 4500 | ||
|---|---|---|---|
| 001 | 0135639 | ||
| 005 | 20240502072523.9 | ||
| 041 | 0 | |a slo | |
| 044 | |a SK | ||
| 245 | 1 | 0 | |a Úmysel bol dobrý, treba ho však dotiahnuť |c Pavel Škriniar |
| 520 | |a Klient si finančný produkt nevyberá podľa výšky zverejnenej provízie sprostredkovateľa. Ako znížiť províziu. | ||
| 610 | 2 | 0 | |a poradenstvo finančné |
| 610 | 2 | 0 | |a služby finančné |
| 610 | 2 | 0 | |a klienti |
| 610 | 2 | 0 | |a sprostredkovatelia |
| 610 | 2 | 0 | |a provízie |
| 610 | 2 | 0 | |a náklady |
| 100 | 1 | |a Škriniar, Pavel, 1979- | |